• 首页
  • 本馆介绍
  • 公告通知
  • 最新文献
  • 馆藏检索
  • 电子资源
  • 读者导购
  • 参考咨询
  • 我的图书馆
  • 登录
  • 详细信息显示
  • 放入我的书架
  • 预约/预借图书
  • 作者相关作品
  • 分类相关作品
  • 丛书相关作品
  • 出版社相关作品

书目信息

  • 表格格式
  • 工作单格式
  • 卡片格式
题名:
80种常用中草药栽培
    
 
作者: 周成明
分册:  
出版信息:    1998.03
页数: 177页
开本: 19cm
丛书名:
单 册:
中图分类: S567.2
科图分类:
主题词: 经济作物
电子资源:
ISBN: 7-80648-919-3
000 00523nam0 2200193 45
001 0308271085
005 20030827105616.5
010    @a7-80648-919-3@dRMB5.70
100    @a20030827d1998 km y0chiy0120 ea
101    @achi
105    @a z 000yy
200 1  @a80种常用中草药栽培@A80 zhong chang yong zhong cao yao zai pei@f周成明@Fzhou cheng ming
210    @d1998.03
215    @a177页@c无图表@d19cm
606 0  @a经济作物
690    @aS567.2@v3
701  0 @a周成明
801    @aCN@b@c20030827
905    @aBZT@dS567.2@e167
    
    80种常用中草药栽培/周成明.-1998.03
    177页:无图表;19cm
    
    
    ISBN 7-80648-919-3:RMB5.70
    
●
相关链接 在五车中查询图书 在当当中查询图书 在豆瓣中查询图书


正题名:80种常用中草药栽培     索取号:S567.2/167         预约/预借

序号 登录号 条形码 馆藏地/架位号 状态 备注
1 98909   200027513   中心书库中库/ 中库033架A面8列1层72/ [索取号:S567.2/167] 在馆    
2 98910   200027522   中心书库中库/ 中库033架A面8列1层74/ [索取号:S567.2/167] 在馆    
3 98911   200027498   中心书库中库/ 中库033架A面8列1层73/ [索取号:S567.2/167] 在馆    
4 98912   200027504   中心书库中库/ 中库033架A面8列3层19/ [索取号:S567.2/167] 在馆    
5 98913   200027489   中心书库中库/ 中库033架A面8列1层75/ [索取号:S567.2/167] 在馆    
6 98914   200027470   中心书库中库/ 中库033架A面8列1层76/ [索取号:S567.2/167] 在馆    
7 98915   200027540   中心书库中库/ 中库033架A面8列1层77/ [索取号:S567.2/167] 在馆    
8 98916   200027452   中心书库中库/ 中库033架A面8列1层78/ [索取号:S567.2/167] 在馆    
9 98917   200027443   中心书库中库/ 中库033架A面8列1层79/ [索取号:S567.2/167] 在馆    
10 98918   200027461   中心书库中库/ 中库033架A面8列1层80/ [索取号:S567.2/167] 在馆    
山东省滨州职业学院图书馆 欢迎您!
大连网信软件有限公司© 版权所有